राजधर्म और लोकधर्म/ (Record no. 145444)

MARC details
000 -LEADER
fixed length control field 00726nam a22001577a 4500
005 - DATE AND TIME OF LATEST TRANSACTION
control field 20231212150031.0
010 ## - LCCN (DPL NO)
LC control number HIN-126325
020 ## - INTERNATIONAL STANDARD BOOK NUMBER
Terms of availability 399.00
International Standard Book Number 9788192081571
037 ## - SOURCE OF ACQUISITION
Source of stock number/acquisition यश पब्लिकेशंस
100 ## - MAIN ENTRY--PERSONAL NAME
Personal name सिन्हा,मृदुला
245 ## - TITLE STATEMENT
Title राजधर्म और लोकधर्म/
Statement of responsibility, etc मृदुला सिन्हा
260 ## - PUBLICATION, DISTRIBUTION, ETC. (IMPRINT)
Place of publication, distribution, etc दिल्ली
Name of publisher, distributor, etc यश पब्लिकेशंस
Date of publication, distribution, etc 2019
270 ## - ADDRESS
City दिल्ली
Address 1/10753,गली नं.3,सुभाष पार्क,.नवीन शाहदरा,
Postal code 110032
300 ## - PHYSICAL DESCRIPTION
Extent 151पृ.;
Dimensions 22 सेमी(अजिल्द)
942 ## - ADDED ENTRY ELEMENTS (KOHA)
Source of classification or shelving scheme Dewey Decimal Classification
Item type Hindi Books
Call number suffix सिन्हामृ
Holdings
Withdrawn status Lost status Not for loan Collection code Home library Current library Date acquired Source of acquisition Cost, normal purchase price Full call number Barcode Copy number Cost, replacement price Koha item type
      Non-fiction Vinoba Puri Vinoba Puri 17/11/2023 DBAD/PUB 399.00 सिन्हामृ HN-98671 1 399.00 Hindi Books

© Delhi Public Library
Hit Counter
free hit counter